000 00713nas a2200229 4500
001 BR9212304
003 BR-BrBNA
005 20231205095224.0
007 ta
008 230509b bl.|||p| |||| 00| 00por d
040 _aBR-BrBNA
_bpor
_cBiblioteca Nacional de Agricultura
041 _a(Pt)
072 _aE12
100 1 _aPacheco Filho, C.
245 1 _aEmprego e salario; o Plano Collor, os salarios e o pacto social
650 _aEmprego
650 _aSalario
650 _aDesemprego
773 0 _tIndicadores Economicos - Fundacao de Economia e Estatistica (Brazil)
_xISSN 0102-020X
_g(Oct-Dec 1990), v. 18(3) p. 47-55
_wBR9212304
909 _a202311
_bLúcia
_c55
_dLúcia Elande
942 _2AGRIS
_n0
_cANA
999 _c149407
_d149407